01118nabaa22001937a 4500999001500000003000400015005001700019008004100036040000700077100003000084245011800114300001200232500003600244505039200280505008900672650003200761773011800793942001300911 c6295d6295OSt20260129014503.0190701b xxu||||| |||| 00| 0 spa d cPJ 9334aMairal, Héctor A. 13aLa denuncia de ilegitimidad y la acción de indemnización después de la Ley de Bases /cHéctor A. Mairal.  ap. 8-18 aCita: TR LALEY AR/DOC/807/2025  aSumario: I. Introducción.— II. El régimen de los plazos de caducidad de la LPA. — III. La reformas introducidas por la Ley de Bases.— IV. El verdadero significado del agotamiento de la vía administrativa.— V. La obligación de revocar el acto afectado de nulidad absoluta.— VI. La pérdida de la acción de daños en 30 días.— VII. La solución que corresponde.  t¿Te interesa el texto completo? Comunicate al correo: koha@justierradelfuego.gov.ar 09211aDERECHO ADMINISTRATIVO0 0284293251dBuenos Aires : AbeledoPerrot, 2012-oDA121tDerecho administrativo. Nº 159 mayo/junio 2025z18510590 2udccANA